| 000 | 00370nam a2200133Ia 4500 | ||
|---|---|---|---|
| 005 | 20210429153918.0 | ||
| 008 | 210429s9999 xx 000 0 und d | ||
| 082 | _aCHM-MS MU/KS | ||
| 100 |
_aMuhammad Munir _954596 |
||
| 245 | _aDehydration of Ethanol by Pervaporation Using Polymeric Membrane | ||
| 260 |
_aISLAMABAD _bSCME _c2008 |
||
| 300 | _a43P | ||
| 942 |
_2ddc _cREF |
||
| 999 |
_c561159 _d561159 |
||